Normal view
MARC view
- Fred H. Colvin
Entry Personal Name
001 - CONTROL NUMBER
- control field: 110598
003 - CONTROL NUMBER IDENTIFIER
- control field: NUST
005 - DATE AND TIME OF LATEST TRANSACTION
- control field: 20230320111116.0
008 - FIXED-LENGTH DATA ELEMENTS
- fixed length control field: 230320|| aca||aabn | a|a d
040 ## - CATALOGING SOURCE
- Original cataloging agency: NUST
- Transcribing agency: NUST
100 ## - HEADING--PERSONAL NAME
- Personal name: Fred H. Colvin
670 ## - SOURCE DATA FOUND
- Source citation: Work cat.: (NUST)183590: Fred H. Colvin, Drilling and surfacing practice :, 1948
